Foot mercato - Statistiques

Statistiques générales
  • Ce quiz a été pris 209 fois
  • Le résultat moyen est 3 sur 8
Statistiques - réponses
Question Réponse % Correct
Christian Pulisic 64 millions d'euros du Borussia Dortmund à Chelsea est un joueur international ? Américain
83%
Victor Wanyama est le transfert le plus cher pour un kényan quel est sont prix? 14.5 millions d'euros
50%
Eldor Shomurodov 18 millions d'euros de Genoa à l'AS Roma (2021) est un joueur international ? Ouzbek
50%
Antonio Valencia est le transfert le plus cher pour un équatorien quel est sont prix? 18.8 millions d'euros
33%
Dimitar Berbatov est le transfert le plus cher pour un bulgare quel est sont prix? 38 millions d'euros
33%
Qui est Le joueur océanien le plus cher de l'histoire du football ? Chris Wood
33%
Qui est Le joueur asiatique le plus cher de l'histoire du football ? Shoya Nakajima
33%
Gylfi Sigurdsson est le transfert le plus cher pour un islandais quel est sont prix? 49.4 millions d'euros
0%
Aucun quiz correspondant
Distribution des résultats
% des personnes avec chaque résultat
Percentile par nombre de réponses
Votre historique - résultats
Vous n’avez pas pris ce quiz